LIBRARY & INFORMATION CENTRE, KCAET, TAVANUR

ONLINE PUBLIC ACCESS CATALOGUE (OPAC)

Complete Poetical Works of Percy Bysshe Shelley / (Record no. 5000)

MARC details
000 -LEADER
fixed length control field 00299cam a2200109ua 4500
082 ## - DEWEY DECIMAL CLASSIFICATION NUMBER
Classification number 821
Item number SHE/CO
100 ## - MAIN ENTRY--AUTHOR NAME
Personal name Shelley, Percy bysshe .
245 ## - TITLE STATEMENT
Title Complete Poetical Works of Percy Bysshe Shelley /
260 ## - PUBLICATION, DISTRIBUTION, ETC. (IMPRINT)
Place of publication London :
Name of publisher Oxford University Press ,
Year of publication 1822.
300 ## - PHYSICAL DESCRIPTION
Number of Pages 918 ; .
942 ## - ADDED ENTRY ELEMENTS (KOHA)
Koha item type Books
Holdings
Withdrawn status Lost status Damaged status Home library Current library Date acquired Full call number Accession Number Koha item type
Withdrawn     KAUAET Central Prison Tavanur 07/04/2012 821 5033 Books
free website counter